00872cam a22002531 45000010008000000030004000080050017000120080041000290100017000700200018000870400018001050430012001230500021001350820020001561000036001762450160002122500016003722600042003883000053004305040030004836510034005136510032005476510039005792647487OSt20231207152611.0700820s1968 nyuab b 000 0 eng  a 68010737  a9789389109344 aDLCcDLCdDLC aa-ii---00aDS425b.B33 196800a913.3403bBAS/W aBasham, A Lq(Arthur Llewellyn)14aThe wonder that was India; Volume oneba survey of the history and culture of the Indian sub-continent before the coming of the Muslimsc[by] A. L. Basham. a3d rev. ed. aNew York,bTaplinger Pub. Co.c[1968] axxiii, 572 p.billus. (part col.), maps.c24 cm. aBibliography: p. 518-543. 0aIndiaxCivilizationyTo 1200. 0aIndiaxHistoryyTo 324 B.C. 0aIndiaxHistoryy324 B.C.-1000 A.D.